ENCYCLOPEDIA OF PSYCHOTHERAPY VOL.1 (Record no. 18073)

MARC details
000 -LEADER
fixed length control field 00310nam a22001337a 4500
003 - CONTROL NUMBER IDENTIFIER
control field SGT
020 ## - INTERNATIONAL STANDARD BOOK NUMBER
International Standard Book Number 978-0-12-343011-9
082 ## - DEWEY DECIMAL CLASSIFICATION NUMBER
Classification number 616.89
Item number E02H
100 ## - MAIN ENTRY--PERSONAL NAME
Personal name HERSEN, MICHEL
245 ## - TITLE STATEMENT
Title ENCYCLOPEDIA OF PSYCHOTHERAPY VOL.1
260 ## - PUBLICATION, DISTRIBUTION, ETC. (IMPRINT)
Place of publication, distribution, etc AMSTERDAM
Name of publisher, distributor, etc ACADEMIC PRESS
Year of Publication 2002
300 ## - PAGE DESCRIPTION
No. of Pages 957
942 ## - ADDED ENTRY ELEMENTS (KOHA)
Source of classification or shelving scheme Dewey Decimal Classification
Koha item type Books
Holdings
Withdrawn status Lost status Source of classification or shelving scheme Damaged status Not for loan Collection code Home library Current library Shelving location Date acquired Vendor Name Volume Information (Serial or Books or Non-Book Material) SGTU Bill Number Total Checkouts Full call number Accession No. (Barcode) Date last seen Bill Date Koha item type
    Dewey Decimal Classification   Not For Loan MEDICAL SGT Medical Library SGT Medical Library Reference Book 29/05/2019 ABC DELHI $-1465 TWO VOLUME SET SGTU 10946   616.89 E02H FM11324 29/05/2019 11/04/2019 Books
    Dewey Decimal Classification   Not For Loan MEDICAL SGT Medical Library SGT Medical Library Reference Book 29/05/2019 ABC DELHI VOLUME-2 SGTU 10946   616.89 E02H FM11325 29/05/2019 11/04/2019 Books